Statistics for Dragon Ball Z Characters in the Frieza Saga

Click here to take the quiz!

General Stats

  • This quiz has been taken 672 times
  • The average score is 25 of 40

Answer Stats

Character% Correct
Goku
99%
Frieza
98%
Gohan
98%
Vegeta
96%
Bulma
91%
Krillin
91%
Piccolo
91%
Captain Ginyu
87%
Yamcha
82%
Tien Shinhan
82%
Dende
80%
Jeice
79%
Recoome
78%
Chi-Chi
77%
Burter
75%
Nail
74%
Zarbon
71%
Guldo
69%
Master Roshi
68%
Kami
66%
Dodoria
66%
King Kai
65%
Grand Elder Guru
58%
Chiaotzu
57%
Mr. Popo
55%
Cui
49%
Oolong
48%
Puar
46%
Ox-King
42%
Nappa
41%
Dr. Brief
37%
Yajirobe
35%
Raditz
35%
Korin
34%
Mrs. Brief
30%
Bardock
30%
Appule
30%
Porunga
27%
King Vegeta
26%
Moori
18%

Score Distribution

Percentile by Number Answered

Percent of People with Each Score

Your Score History

You have not taken this quiz